=LDR 00000nam 2200000 4500 =001 INLIS000000000013610 =005 20130612104957 =008 ***********************************ind** =035 ##$$0010-061300000013610 =041 ##$$a ind =082 ##$$a 641.5 =090 ##$$a 641.5, Pin =245 ##$$a Pintar memasak =260 ##$$a 2001 $b Jakarta =300 ##$$a 144 hlm, Ilus, 16 cm =650 ##$$a Masakan =850 ##$$a NBPNMAT